|
|
|
|
| LEADER |
00000nkm a2200000 a 4500 |
| 001 |
vtls011617586 |
| 003 |
SK-MaSNL |
| 005 |
20260512124755.0 |
| 007 |
kp bo |
| 008 |
210928s1966 xr g kuslo |
| 015 |
|
|
|a SNBG
|
| 040 |
|
|
|a SNK
|b slo
|c SNK
|e AACR2
|
| 041 |
0 |
|
|a slo
|
| 043 |
|
|
|a e-xo---
|
| 044 |
|
|
|a xr
|c CZ
|
| 080 |
|
|
|a 913(437.6)
|2 2011
|
| 080 |
|
|
|a 728.61
|2 2011
|
| 080 |
|
|
|a (084.121)
|2 2011
|
| 100 |
1 |
|
|a Adam, P.
|c (fotograf)
|4 pht
|9 363404
|
| 245 |
1 |
0 |
|a Nižná Boca
|h grafika
|b Chata Kamenica : Jednota Liptovský Mikuláš
|c Foto P. Adam
|
| 260 |
|
|
|a Praha
|b Nakladatelství Orbis
|c 1966
|
| 300 |
|
|
|a 1 pohľadnica
|b čiernobiela
|c 11 x 15 cm
|
| 520 |
8 |
|
|a Zobrazenie: pohľad sprava na murovanú chatu, vľavo a uprostred v úzadí drevenice
|
| 650 |
0 |
7 |
|a chaty
|2 SNKPH
|9 29339
|
| 651 |
|
7 |
|a Nižná Boca (Slovensko)
|2 SNKPH
|9 26748
|
| 651 |
|
7 |
|a Liptovský Mikuláš (Slovensko : okres)
|2 SNKPH
|9 31431
|
| 655 |
|
7 |
|a miestne pohľadnice
|2 SNKPH
|9 70510
|
| 958 |
|
|
|a GBN
|
| 958 |
|
|
|a GC
|
| 958 |
|
|
|a OND
|
| 999 |
|
|
|c 945525
|d 947455
|
| 952 |
|
|
|a SNK
|b SNK
|y PREZ
|7 0
|p 17A1221107
|o snkSP 18476
|0 0
|1 0
|4 0
|d 2017-03-14
|f 1
|l 0
|r 2026-02-24 09:32:00
|w 2026-02-24
|